000 00582nam a2200181 i 4500
001 181944
003 ES-MaACL
005 20230906221507.0
008 130509s2009 sp |||| | spa d
020 _a978-84-6140-297-7
080 _a821.134.2-14"19"
100 1 _aPeris Hernández, Amparo.
_9146620
245 1 0 _aGatas Rodas aúllan luna /
_cAmparo Peris ; [ilustraciones Rosario Raro López].
260 _a[Valencia?] :
_bPríncipe Otomano Printers,
_c[2009?]
300 _a70 p. :
_bil. ;
_c16 cm.
700 0 _aRaro López, Rosario.
_995475
852 _aES-MaACL
_jN-5660
999 _c181944
_d181944